00970nam a2200253Ia 4500003000400000005001700004008004100021020002600062040001700088082002100105100001600126245005000142250001100192260003100203300001700234440001000251650001500261650002600276942000900302952013000311952013000441952013000571999001500701IIN20240201155156.0231217s9999 xx 000 0 und d cRs.530.00a8185605076 aIINbEnglish a610.730693 bNAN1 aNancy, S.R.1 aPrinciples and Practice of NursingcS.R.Nancy a5th ed bN.R.BrothersaIndorec2018 a[7], 1-410p. vVol.21 aFoundation1 aNursing, Practice of  cBOOK 001040708Purches BookaIINbIINd2023-12-17g530.00l0o610.730693 NANp1290r2023-12-17 21:32:35tVol.2w2023-12-17yBOOK 001040708Purches BookaIINbIINd2023-12-17g530.00l0o610.730693 NANp1291r2023-12-17 21:32:35tVol.2w2023-12-17yBOOK 001040708Purches BookaIINbIINd2023-12-17g530.00l0o610.730693 NANp1292r2023-12-17 21:32:35tVol.2w2023-12-17yBOOK c1296d1296